Loading...
| History - European History | 0 | 3 | 0 | 1 | 30 | 84 | 124.00 | 0 | 0 |
| Religion | 0 | 2 | 0 | 0 | 20 | 88 | 111.50 | 0 | 0 |
| History - World History | 0 | 2 | 0 | 0 | 20 | 65 | 101.50 | 1 | 1 |
| Current Events | 0 | 2 | 1 | 1 | 15 | 114 | 124.50 | 0 | 0 |
| Social Science | 0 | 2 | 1 | 1 | 15 | 99 | 122.50 | 0 | 0 |
| Other Academic | 0 | 1 | 0 | 0 | 10 | 66 | 66.00 | 0 | 1 |
| Literature - World Literature | 0 | 1 | 0 | 0 | 10 | 136 | 136.00 | 0 | 0 |
| Science - Chemistry | 0 | 1 | 0 | 0 | 10 | 145 | 145.00 | 0 | 0 |
| History - Other History | 0 | 1 | 0 | 0 | 10 | 104 | 104.00 | 0 | 0 |
| Geography | 0 | 1 | 1 | 0 | 5 | 116 | 116.00 | 0 | 0 |
| Mythology | 0 | 0 | 1 | 0 | -5 | 0.00 | 0 | 0 | |
| History - American History | 0 | 0 | 1 | 0 | -5 | 0.00 | 0 | 0 |